000 00905nam a22001817a 4500
003 BD-ChCU
005 20260408094249.0
008 260408b bg ||||| |||| 00| 0 ben d
020 _a9789849495922
040 _cBD-ChCU
082 _222
_a৩৭১.৮১০৯৫৪৯২ আব ২ চ
100 _aআবদুল্লাহ ,আল মাসউদ
_921338
245 _a২৪ এর গনাঅভ্যুথান :
_bস্মৃতিচারন ও ইতিহাস /
_c আল মাসউদ আবদুল্লাহ
260 _aঢাকা :
_bরাহনুমা প্রকাশনী ,
_c২০২৪
300 _a২২৩ পৃ:
_c২২সেমি .
650 0 _aছাত্র আন্দোলন জুলাই গনঅভ্যুথান বাংলাদেশ জুলাই গনঅভ্যুথান
_921342
942 _2ddc
_cBK
_n0
999 _c112132
_d112132